Empirický výskum socialistického spôsobu života obyvateľstva ČSSR v etape výstavby rozvinutej socialistickej spoločnosti vyhodnotenie údajov prvostupňového triedenia 2

Guardado en:
Detalles Bibliográficos
Formato: Libro
Lenguaje:eslovaco
Publicado: Bratislava Výskumný ústav životnej úrovne 1982
Colección:Výskumná úloha č. 261
Etiquetas: Agregar Etiqueta
Sin Etiquetas, Sea el primero en etiquetar este registro!

MARC

LEADER 00000nam a2200000 4500
001 c133404
005 20041019155258.1
041 0 |a slo 
044 |a SK 
245 1 0 |a Empirický výskum socialistického spôsobu života obyvateľstva ČSSR v etape výstavby rozvinutej socialistickej spoločnosti  |b vyhodnotenie údajov prvostupňového triedenia 2 
264 1 |a Bratislava  |b Výskumný ústav životnej úrovne  |c 1982 
300 |a 177 s. 
490 1 |a Výskumná úloha  |v č. 261 
830 0 |a Výskumná úloha  |v č. 261